000 00649nam a2200217Ii 4500
001 18739
003 CO-ViMGA
008 241108s9999||||xx |||||||||||||| ||und||
020 _a9586383202
040 _aCO-ViMGA
_bspa
_erda
_cCO-ViMGA
041 0 _aspa
082 0 4 _a370.118 R63c
100 1 _aMauro. Rodríguez Estrada
_950482
245 1 0 _aCreatividad para resolver problemas :
_bprincipios y técnicas
264 1 _aBogotá, Colombia : Colina, 1999
300 _avolumen
336 _atext
_btxt
_2rdacontent
337 _aunmediated
_bn
_2rdamedia
338 _avolume
_bnc
_2rdacarrier
940 _aidficha_siabuc: 18398. -- ficha_no_siabuc:18739
999 _c45167
_d45167